Democracia y estrategia de poder obrero /
Uloženo v:
| Hlavní autor: | |
|---|---|
| Médium: | Text |
| Tagy: |
Přidat tag
Žádné tagy, Buďte první, kdo vytvoří štítek k tomuto záznamu!
|
MARC
| LEADER | 00000 a a2200000 04500 | ||
|---|---|---|---|
| 001 | 760 | ||
| 003 | |||
| 040 | |||
| 100 | |a Cortés Garzi, Antonio | ||
| 245 | |a Democracia y estrategia de poder obrero / |c Antonio Cortés Garzi | ||
| 773 | |g número 1; páginas57-71 | ||
| 999 | |c 22687 |d 22687 | ||
